| 000 | 01023nmm a2200313 a 4500 | ||
|---|---|---|---|
| 001 | ocm0002146498 | ||
| 003 | TR-IsHL | ||
| 005 | 20201028183106.0 | ||
| 008 | 190312s2011 tu tur | ||
| 007 | cr cn | ||
| 020 | _a9789756709993 | ||
| 035 |
_a2146498 _b(N$T) |
||
| 050 | 0 | 4 |
_aPL240 _b.B45 2011 |
| 090 | 0 | 4 |
_aPL240 _b.B45 2011 |
| 100 | 1 | _aBekdemir, Gültekin | |
| 245 | 1 | 0 |
_aGöçük hikâyeleri _h[electronic resource] / _cGültekin Bekdemir ; editör Recep Tatar |
| 250 | _aBirinci Basım | ||
| 260 |
_aİstanbul : _bSu Yayınları, _c2011 |
||
| 300 | _a120 p. | ||
| 650 | 4 | _aDil ve Edebiyat | |
| 650 | 4 | _aLanguage and Literature | |
| 650 | 0 |
_aTürk edebiyatı _x Hikayeler |
|
| 650 | 0 | _aShort stories, Turkish | |
| 650 | 0 |
_aMaden kazaları _x Türkiye |
|
| 650 | 0 |
_aMine accidents _x Turkey |
|
| 650 | 7 |
_aLITERARY COLLECTIONS / Middle Eastern _2bisacsh |
|
| 700 | 1 | _aTatar, Recep | |
| 856 | 4 | 0 | _uhttp://search.ebscohost.com/login.aspx?direct=true&scope=site&db=e011xww&AN=2146498 |
| 999 |
_c20373 _d20373 |
||